|
|
|
|
| LEADER |
00000nam0a2200000 4500 |
| 001 |
129251 |
| 005 |
20260113132557.0 |
| 010 |
|
|
|a 5741503411
|
| 035 |
|
|
|a (RuTPU)RU\TPU\book\139887
|
| 090 |
|
|
|a 129251
|
| 100 |
|
|
|a 20080122d1992 d y0rusy5003 ca
|
| 101 |
1 |
|
|a rus
|c eng
|
| 102 |
|
|
|a RU
|
| 105 |
|
|
|a a z 000ay
|
| 200 |
1 |
|
|a Белый вождь; Отважная охотница
|e Романы : Для среднего и старшего школьного возраста : Пер. с англ.
|f Т. М. Рид
|g авт. предисл. Р. Самарин ; худож. Е. Соколова и Г. Соколов
|
| 210 |
|
|
|a Ярославль
|c Верхне-Волжское книжное изд-во
|d 1992
|
| 215 |
|
|
|a 558,[2] с.
|c ил.
|d 21 см
|
| 606 |
|
|
|a Английская литература
|9 52454
|
| 610 |
1 |
|
|a американская литература
|
| 610 |
1 |
|
|a детская литература
|
| 610 |
1 |
|
|a приключенческие романы
|
| 610 |
1 |
|
|a художественная литература
|
| 675 |
|
|
|a 82
|v 3
|
| 700 |
|
1 |
|a Рид
|b Т. М.
|g Томас Майн
|4 070
|
| 702 |
|
1 |
|a Самарин
|b Р.
|4 080
|
| 702 |
|
1 |
|a Соколова
|b Е.
|4 440
|
| 702 |
|
1 |
|a Соколов
|b Г.
|4 440
|
| 801 |
|
0 |
|a RU
|b RuMRKP
|c 19950417
|g psbo
|
| 801 |
|
1 |
|a RU
|b 63413507
|c 20080122
|g PSBO
|
| 801 |
|
2 |
|a RU
|b 63413507
|c 20080228
|g PSBO
|
| 942 |
|
|
|c BK
|